[Event "GBR-ch105 Seniors 65"]
[Site "Hull"]
[Date "2018.08.04"]
[Round "7.4"]
[White "Shephard, Chris CW"]
[Black "Pickersgill, Adrian O"]
[Result "1-0"]
[WhiteElo "2201"]
[BlackElo "1919"]
[PlyCount "87"]
[EventDate "2018.07.29"]
[EventType "swiss"]
[EventRounds "7"]
[EventCountry "GBR"]

1. c4 e5 2. g3 d6 3. Nc3 f5 4. Bg2 c6 5. d3 Nf6 6. Nf3 Na6 7. O-O Be7 8. Rb1
O-O 9. b4 Qe8 10. b5 Nc7 11. bxc6 bxc6 12. c5 Ne6 13. cxd6 Bxd6 14. Nd2 Bd7 15.
Nc4 Bc7 16. Ba3 Rf7 17. Bd6 Qd8 18. Bxe5 f4 19. Bxc7 Qxc7 20. Qc1 Raf8 21. Qa3
fxg3 22. fxg3 Ng5 23. Qd6 Qc8 24. Ne5 Ne8 25. Qc5 Rxf1+ 26. Rxf1 Rxf1+ 27. Bxf1
Bh3 28. Nxc6 Qg4 29. Qc4+ Qxc4 30. dxc4 Bxf1 31. Kxf1 a6 32. Nb4 Nc7 33. Kf2
Kf7 34. Ke3 Nge6 35. Ncd5 Ke8 36. Nxc7+ Nxc7 37. Kd4 Kd7 38. Kc5 Ne6+ 39. Kb6
Nd4 40. Nxa6 Nxe2 41. c5 Kc8 42. Nb4 Nd4 43. c6 g5 44. Nd5 1-0

[Event "GBR-ch105 Seniors 65"]
[Site "Hull"]
[Date "2018.08.04"]
[Round "7.5"]
[White "Anderton, David W"]
[Black "Friedgood, David"]
[Result "0-1"]
[WhiteElo "2084"]
[BlackElo "2188"]
[PlyCount "78"]
[EventDate "2018.07.29"]
[EventType "swiss"]
[EventRounds "7"]
[EventCountry "GBR"]

1. d4 g6 2. c4 Bg7 3. Nf3 d6 4. g3 Nf6 5. Bg2 O-O 6. O-O c6 7. Nc3 Nbd7 8. e4
e5 9. h3 Qa5 10. Re1 exd4 11. Nxd4 Nb6 12. Bf1 Re8 13. Nb3 Qh5 14. Qxh5 Nxh5
15. Bd2 Be6 16. g4 Nf6 17. Na5 Nfd7 18. Nxb7 Ne5 19. Kg2 Nbxc4 20. Bxc4 Nxc4
21. Bf4 Nxb2 22. Re3 Na4 23. Nxa4 Bxa1 24. Nxd6 Reb8 25. Re1 Bd4 26. Rc1 Rb4
27. Nc5 Bxa2 28. Nd3 Rb3 29. Ne5 c5 30. Nexf7 Rb2 31. Nh6+ Kg7 32. g5 Rxf2+ 33.
Kg3 Rf8 34. Nhf5+ gxf5 35. Nxf5+ Kg8 36. Nh6+ Kh8 37. Nf5 Re2 38. Rd1 Rxe4 39.
Rxd4 cxd4 0-1

[Event "GBR-ch105 Seniors 65"]
[Site "Hull"]
[Date "2018.08.04"]
[Round "7.6"]
[White "Surtees, Michael J"]
[Black "Hutchinson, Norman A"]
[Result "1-0"]
[WhiteElo "2146"]
[BlackElo "2045"]
[PlyCount "49"]
[EventDate "2018.07.29"]
[EventType "swiss"]
[EventRounds "7"]
[EventCountry "GBR"]

1. e4 c6 2. Ne2 d5 3. e5 c5 4. b4 cxb4 5. d4 Bg4 6. a3 e6 7. axb4 Bxb4+ 8. c3
Be7 9. Qb3 Qc7 10. Ng3 g6 11. Na3 Bxa3 12. Bxa3 Nc6 13. Bd6 Qc8 14. h3 Bf5 15.
Nxf5 gxf5 16. g4 Nge7 17. Bd3 O-O 18. Qa3 Re8 19. Qc1 Kh8 20. Qh6 Ng6 21. Kd2
Nce7 22. h4 Ng8 23. Qe3 N6e7 24. gxf5 exf5 25. h5 1-0

[Event "GBR-ch105 Seniors 65"]
[Site "Hull"]
[Date "2018.08.04"]
[Round "7.7"]
[White "Norman, Kenneth I"]
[Black "Kelly, Ian G"]
[Result "1-0"]
[WhiteElo "2094"]
[BlackElo "1985"]
[PlyCount "65"]
[EventDate "2018.07.29"]
[EventType "swiss"]
[EventRounds "7"]
[EventCountry "GBR"]

1. Nf3 Nf6 2. c4 c5 3. Nc3 Nc6 4. d4 cxd4 5. Nxd4 Nxd4 6. Qxd4 d6 7. e4 g6 8.
Be3 Bg7 9. f3 O-O 10. Qd2 a6 11. Rc1 Be6 12. b3 Qa5 13. Nd5 Qxd2+ 14. Kxd2 Bxd5
15. cxd5 Rfc8 16. Rxc8+ Rxc8 17. g3 Ne8 18. Bh3 Rc7 19. Rc1 b5 20. Bc8 b4 21.
Bxa6 Bc3+ 22. Kd3 e6 23. Bb5 Nf6 24. Bc6 exd5 25. exd5 Nd7 26. Bxd7 Rxd7 27. a4
Rd8 28. Bd4 Bxd4 29. Kxd4 Re8 30. Rc2 Re1 31. Kc4 Rd1 32. a5 Kf8 33. Ra2 1-0

[Event "GBR-ch105 Seniors 65"]
[Site "Hull"]
[Date "2018.08.04"]
[Round "7.8"]
[White "Chesters, Graham"]
[Black "Moore, Geoffrey R"]
[Result "1-0"]
[WhiteElo "1987"]
[BlackElo "1980"]
[PlyCount "43"]
[EventDate "2018.07.29"]
[EventType "swiss"]
[EventRounds "7"]
[EventCountry "GBR"]

1. c4 e5 2. Nc3 Bb4 3. Qc2 Nf6 4. e3 O-O 5. a3 Bxc3 6. Qxc3 d6 7. b3 Nc6 8. Bb2
Be6 9. Nf3 h6 10. d4 e4 11. d5 exf3 12. dxc6 fxg2 13. Bxg2 bxc6 14. Bxc6 Rb8
15. Rg1 Kh8 16. O-O-O Rg8 17. e4 Qe7 18. b4 Bg4 19. f3 Bh5 20. Qe3 Rb6 21. b5
Nd7 22. Qxh6# 1-0

[Event "GBR-ch105 Seniors 65"]
[Site "Hull"]
[Date "2018.08.04"]
[Round "7.9"]
[White "Kendall, Paul SN"]
[Black "Crombleholme, Alan K"]
[Result "1/2-1/2"]
[WhiteElo "1955"]
[BlackElo "1974"]
[PlyCount "32"]
[EventDate "2018.07.29"]
[EventType "swiss"]
[EventRounds "7"]
[EventCountry "GBR"]

1. e4 Nf6 2. e5 Nd5 3. c4 Nb6 4. d4 d6 5. exd6 exd6 6. Nc3 Nc6 7. Be3 Be7 8.
Rc1 O-O 9. Nf3 Bg4 10. b3 Re8 11. Be2 Bxf3 12. Bxf3 Bg5 13. O-O Rxe3 14. fxe3
Bxe3+ 15. Kh1 Bxc1 16. Qxc1 Qh4 1/2-1/2

[Event "GBR-ch105 Seniors 65"]
[Site "Hull"]
[Date "2018.08.04"]
[Round "7.10"]
[White "Gregg, Alan M"]
[Black "Burnett, Jim"]
[Result "1/2-1/2"]
[WhiteElo "1960"]
[BlackElo "2088"]
[PlyCount "49"]
[EventDate "2018.07.29"]
[EventType "swiss"]
[EventRounds "7"]
[EventCountry "GBR"]

1. e4 e6 2. d4 d5 3. Nd2 Nf6 4. e5 Nfd7 5. Bd3 c5 6. c3 Nc6 7. Ne2 cxd4 8. cxd4
f6 9. exf6 Nxf6 10. O-O Bd6 11. Nf3 Qc7 12. Bg5 O-O 13. Qc2 h6 14. Bh4 Nh5 15.
Bh7+ Kh8 16. Bg6 Rxf3 17. Bxh5 Rf8 18. Bg3 Bd7 19. Rac1 Rf6 20. a3 Be8 21. Bxe8
Rxe8 22. b4 Bxg3 23. hxg3 Qb6 24. Qc5 Qxc5 25. Rxc5 1/2-1/2

[Event "GBR-ch105 Seniors 65"]
[Site "Hull"]
[Date "2018.08.04"]
[Round "7.11"]
[White "Goodwin, Ed H"]
[Black "Myall, Ivan J"]
[Result "1/2-1/2"]
[WhiteElo "1844"]
[BlackElo "2007"]
[PlyCount "76"]
[EventDate "2018.07.29"]
[EventType "swiss"]
[EventRounds "7"]
[EventCountry "GBR"]

1. d4 d6 2. c4 Nf6 3. Nc3 Nbd7 4. e4 e5 5. d5 c5 6. g3 Be7 7. Bg2 a6 8. Nge2 h5
9. h3 h4 10. g4 Nh7 11. f4 exf4 12. Nxf4 Bf6 13. O-O Bd4+ 14. Kh1 g6 15. Nd3
Qe7 16. Bf4 Ne5 17. Nxe5 Bxe5 18. Qf3 O-O 19. Rae1 Bd7 20. a4 b6 21. Bxe5 Qxe5
22. Qf4 Qxf4 23. Rxf4 f6 24. Rff1 Kg7 25. e5 dxe5 26. d6 Rab8 27. Nd5 Bxa4 28.
Ra1 Bb3 29. Rxa6 Bxc4 30. Ra7+ Rf7 31. Rfa1 Nf8 32. Rc7 Ne6 33. Rxf7+ Kxf7 34.
Ra7+ Kf8 35. Nxf6 Rd8 36. Nh7+ Kg8 37. Nf6+ Kf8 38. Nh7+ Kg8 1/2-1/2

[Event "GBR-ch105 Seniors 65"]
[Site "Hull"]
[Date "2018.08.04"]
[Round "7.12"]
[White "Feavyour, John A"]
[Black "Dawson, Alastair G"]
[Result "1/2-1/2"]
[WhiteElo "1980"]
[BlackElo "1802"]
[PlyCount "63"]
[EventDate "2018.07.29"]
[EventType "swiss"]
[EventRounds "7"]
[EventCountry "GBR"]

1. d4 e6 2. c4 Bb4+ 3. Bd2 a5 4. a3 Bxd2+ 5. Qxd2 Nf6 6. Nc3 d6 7. Nf3 O-O 8.
Rd1 Nc6 9. e4 Qe7 10. Be2 e5 11. d5 Nb8 12. O-O Na6 13. Qc2 Bg4 14. Ne1 Bxe2
15. Qxe2 Qd7 16. Nd3 a4 17. h3 b6 18. Kh2 Nc5 19. Nxc5 bxc5 20. Nb5 g6 21. g3
Nh5 22. Qg4 f5 23. exf5 Rxf5 24. Rd2 Raf8 25. Nc3 Nf6 26. Qe2 Rh5 27. h4 g5 28.
Ne4 Nxe4 29. Qxh5 gxh4 30. Qxh4 Nxd2 31. Qg5+ Qg7 32. Qxd2 1/2-1/2

[Event "GBR-ch105 Seniors 65"]
[Site "Hull"]
[Date "2018.08.04"]
[Round "7.13"]
[White "Atkinson, John W"]
[Black "Hughes, Peter"]
[Result "1-0"]
[WhiteElo "1975"]
[BlackElo "1766"]
[PlyCount "63"]
[EventDate "2018.07.29"]
[EventType "swiss"]
[EventRounds "7"]
[EventCountry "GBR"]

1. e4 c5 2. Nf3 g6 3. c3 Bg7 4. d4 cxd4 5. cxd4 d5 6. e5 Bg4 7. Bb5+ Nc6 8.
Bxc6+ bxc6 9. Nbd2 f6 10. h3 Bf5 11. Nb3 fxe5 12. Nxe5 Qb6 13. O-O Nf6 14. Bf4
O-O 15. Rc1 Rac8 16. Be3 Rfd8 17. Re1 Ne4 18. f3 Nd6 19. Bf4 Nf7 20. Qd2 Bf6
21. Kh2 Nxe5 22. Bxe5 Re8 23. Nc5 Qd8 24. Re2 Bxe5+ 25. Rxe5 Qd6 26. Kh1 Rc7
27. Rce1 Qf6 28. Qf4 Qd6 29. Rxf5 gxf5 30. Qxd6 exd6 31. Rxe8+ Kf7 32. Rh8 1-0

[Event "GBR-ch105 Seniors 65"]
[Site "Hull"]
[Date "2018.08.04"]
[Round "7.14"]
[White "Clucas, Reg P"]
[Black "Levens, David G"]
[Result "0-1"]
[WhiteElo "1959"]
[BlackElo "1909"]
[PlyCount "52"]
[EventDate "2018.07.29"]
[EventType "swiss"]
[EventRounds "7"]
[EventCountry "GBR"]

1. e4 c5 2. Nf3 d6 3. d4 cxd4 4. Nxd4 Nf6 5. Nc3 g6 6. Be3 Bg7 7. f3 Nc6 8. Qd2
O-O 9. Bc4 Na5 10. Be2 Re8 11. O-O-O a6 12. g4 b5 13. h4 Bb7 14. h5 b4 15. Na4
Rc8 16. Qxb4 Nxe4 17. fxe4 Bxe4 18. Bxa6 Bxd4 19. Rxd4 Rxc2+ 20. Kd1 Nc6 21.
Qb7 Bf3+ 22. Ke1 Nxd4 23. Qb4 Re2+ 24. Kf1 Nc2 25. Qc3 Nxe3+ 26. Kg1 Rg2# 0-1

[Event "GBR-ch105 Seniors 65"]
[Site "Hull"]
[Date "2018.08.04"]
[Round "7.15"]
[White "Dennis, Nigel W"]
[Black "Valentine, Brian J"]
[Result "0-1"]
[WhiteElo "1806"]
[BlackElo "1935"]
[PlyCount "72"]
[EventDate "2018.07.29"]
[EventType "swiss"]
[EventRounds "7"]
[EventCountry "GBR"]

1. e4 e5 2. Nf3 Nc6 3. Bb5 a6 4. Ba4 Nf6 5. O-O b5 6. Bb3 Bc5 7. c3 d6 8. h3
O-O 9. d4 Bb6 10. Bc2 h6 11. Be3 Bb7 12. Nbd2 Re8 13. Qe2 exd4 14. cxd4 Nb4 15.
Bb3 Nxe4 16. a4 Qf6 17. axb5 Nxd2 18. Qxd2 a5 19. d5 Bxe3 20. fxe3 Qe7 21. Rfe1
Qe4 22. Rac1 Bxd5 23. Bxd5 Nxd5 24. Nd4 Re5 25. Rc6 Rg5 26. Ra6 Re8 27. Re2 Rg3
28. Rxa5 Rxe3 29. Rxe3 Qxe3+ 30. Qxe3 Rxe3 31. Ra8+ Kh7 32. Ra3 Re4 33. Rd3 Nf4
34. Rd2 Rxd4 35. Rxd4 Ne2+ 36. Kf2 Nxd4 0-1

[Event "GBR-ch105 Seniors 65"]
[Site "Hull"]
[Date "2018.08.04"]
[Round "7.16"]
[White "Downham, Alan F"]
[Black "McKerracher, Douglas"]
[Result "1-0"]
[WhiteElo "1990"]
[BlackElo "1897"]
[PlyCount "78"]
[EventDate "2018.07.29"]
[EventType "swiss"]
[EventRounds "7"]
[EventCountry "GBR"]

1. c4 f5 2. g3 Nf6 3. Bg2 e6 4. d3 d5 5. Nf3 c6 6. cxd5 cxd5 7. O-O Nc6 8. d4
Bd6 9. Nc3 a6 10. Bf4 Bxf4 11. gxf4 O-O 12. Rc1 Bd7 13. a3 Ne4 14. Ne5 Nxe5 15.
dxe5 Rc8 16. Nxe4 Rxc1 17. Qxc1 fxe4 18. Qd2 Qh4 19. f3 e3 20. Qxe3 Rxf4 21.
Qa7 Bc6 22. Qb8+ Rf8 23. Qd6 Re8 24. f4 Qg4 25. Rf2 Qf5 26. b4 Qb1+ 27. Rf1 Qb3
28. f5 Qe3+ 29. Kh1 exf5 30. Bxd5+ Bxd5+ 31. Qxd5+ Kh8 32. Rxf5 Qxe2 33. Qxb7
Rd8 34. Rg5 Qe1+ 35. Rg1 Qxe5 36. Qf3 h6 37. Qg3 Qe4+ 38. Qg2 Qxg2+ 39. Rxg2
Rd1+ 1-0

[Event "GBR-ch105 Seniors 65"]
[Site "Hull"]
[Date "2018.08.04"]
[Round "7.17"]
[White "Stimpson, Philip M"]
[Black "Phillips, William"]
[Result "1-0"]
[WhiteElo "1920"]
[BlackElo "1862"]
[PlyCount "103"]
[EventDate "2018.07.29"]
[EventType "swiss"]
[EventRounds "7"]
[EventCountry "GBR"]

1. e4 g6 2. d4 Bg7 3. Nc3 d6 4. Nf3 Nf6 5. h3 c6 6. a4 O-O 7. Be3 Qc7 8. Be2 e5
9. dxe5 dxe5 10. Bc4 h6 11. Qe2 Re8 12. O-O Be6 13. Rfd1 Bxc4 14. Qxc4 Na6 15.
Rd2 Nd7 16. Rad1 Re7 17. Nb5 cxb5 18. Qxc7 Nxc7 19. Rxd7 Rxd7 20. Rxd7 Ne6 21.
axb5 b6 22. c4 Kf8 23. b3 Ke8 24. Rd1 Rd8 25. Rxd8+ Kxd8 26. Ne1 Bf8 27. Nd3 f6
28. Kf1 g5 29. g4 Kd7 30. Ke2 Nf4+ 31. Bxf4 gxf4 32. f3 Kc7 33. Kd2 Kb7 34. Kc3
a5 35. bxa6+ Kxa6 36. b4 Kb7 37. Kb3 Kc6 38. Ka4 Be7 39. Nc1 Bf8 40. Ne2 Be7
41. Nc3 Bf8 42. Nd5 Bg7 43. h4 Kb7 44. Kb5 h5 45. gxh5 f5 46. exf5 e4 47. Nxf4
exf3 48. Nd3 Bd4 49. h6 f2 50. Nxf2 Bxf2 51. f6 Bxh4 52. f7 1-0

[Event "GBR-ch105 Seniors 65"]
[Site "Hull"]
[Date "2018.08.04"]
[Round "7.18"]
[White "Smith, David"]
[Black "Slinger, Anthony J"]
[Result "1/2-1/2"]
[WhiteElo "1916"]
[BlackElo "1845"]
[PlyCount "31"]
[EventDate "2018.07.29"]
[EventType "swiss"]
[EventRounds "7"]
[EventCountry "GBR"]

1. e4 c5 2. Nf3 d6 3. d4 cxd4 4. Nxd4 Nf6 5. Nc3 a6 6. Bc4 e6 7. Bb3 Nbd7 8.
O-O Nc5 9. f3 Nxb3 10. Nxb3 Be7 11. Be3 Bd7 12. Qe2 Bc6 13. Rad1 Qc7 14. Qf2 b5
15. Nd4 O-O 16. Nxc6 1/2-1/2

[Event "GBR-ch105 Seniors 65"]
[Site "Hull"]
[Date "2018.08.04"]
[Round "7.19"]
[White "Collins, Peter M"]
[Black "Fisher, C Phillip"]
[Result "1/2-1/2"]
[WhiteElo "1901"]
[BlackElo "1815"]
[PlyCount "98"]
[EventDate "2018.07.29"]
[EventType "swiss"]
[EventRounds "7"]
[EventCountry "GBR"]

1. d4 Nf6 2. c4 g6 3. Nc3 d5 4. e3 Bg7 5. Nf3 O-O 6. Be2 e6 7. b3 c5 8. O-O b6
9. Bb2 Bb7 10. Na4 Ne4 11. dxc5 Bxb2 12. Nxb2 Nc3 13. Qc2 Nxe2+ 14. Qxe2 bxc5
15. Rac1 Qf6 16. Nd3 dxc4 17. Nxc5 Bxf3 18. Qxf3 Qxf3 19. gxf3 cxb3 20. Nxb3
Nd7 21. Rc7 Ne5 22. f4 Nf3+ 23. Kg2 Nh4+ 24. Kh3 Nf5 25. Rd1 a5 26. Rdd7 a4 27.
Nc5 Ng7 28. Ra7 a3 29. Rxf7 Rxa7 30. Rxa7 Rc8 31. Ne4 Nh5 32. Rxa3 Rc4 33. Ng5
Rc2 34. Ra8+ Kg7 35. Ra7+ Kf8 36. Nxe6+ Ke8 37. Kg2 Nf6 38. Nd4 Rb2 39. Kf3 h5
40. h3 Nd5 41. Ra3 Rd2 42. Ke4 Nf6+ 43. Ke5 Nd7+ 44. Kd6 Nb6 45. Ke6 Rxf2 46.
Rb3 Nd7 47. Kd6 Rxa2 48. Rb7 Ra6+ 49. Nc6 Nf6 1/2-1/2

[Event "GBR-ch105 Seniors 65"]
[Site "Hull"]
[Date "2018.08.04"]
[Round "7.20"]
[White "Walkowiak, Adam"]
[Black "Brown, Geoffrey M"]
[Result "0-1"]
[WhiteElo "1702"]
[BlackElo "1897"]
[PlyCount "108"]
[EventDate "2018.07.29"]
[EventType "swiss"]
[EventRounds "7"]
[EventCountry "GBR"]

1. d4 e6 2. c4 Nf6 3. Nc3 Bb4 4. e3 O-O 5. Bd3 Bxc3+ 6. bxc3 d6 7. Ne2 Re8 8.
Ng3 e5 9. f3 Nc6 10. O-O d5 11. c5 b6 12. Ba3 exd4 13. exd4 bxc5 14. Bxc5 Rb8
15. Qc2 g6 16. Rfe1 Kg7 17. a4 Nd7 18. Ba3 Na5 19. Bb4 Nc4 20. Bxc4 dxc4 21.
Ne4 Bb7 22. Rad1 Bd5 23. Qd2 Qh4 24. a5 h6 25. Qf2 Qxf2+ 26. Kxf2 Bxe4 27. fxe4
Nf6 28. Kf3 a6 29. d5 Nd7 30. Rd4 Ne5+ 31. Kg3 Rb5 32. Re2 h5 33. h3 f6 34. h4
Kf7 35. Kh3 Rc8 36. Red2 Rd8 37. Kg3 Rd7 38. Kf4 Ke8 39. Ke3 Rf7 40. Kf4 Kd7
41. Re2 Kc8 42. Kg3 Kb7 43. Rdd2 Kc8 44. Kh3 Kd7 45. Kg3 Rb8 46. Rd4 Rg8 47.
Rf2 g5 48. Rf5 gxh4+ 49. Kh3 Rfg7 50. Rd2 Rg3+ 51. Kh2 h3 52. Rff2 hxg2 53.
Rxg2 Nf3+ 54. Kh1 Rh3+ 0-1

[Event "GBR-ch105 Seniors 65"]
[Site "Hull"]
[Date "2018.08.04"]
[Round "7.22"]
[White "Price, Andrew"]
[Black "Moore, Gillian A"]
[Result "0-1"]
[WhiteElo "1779"]
[BlackElo "1835"]
[PlyCount "78"]
[EventDate "2018.07.29"]
[EventType "swiss"]
[EventRounds "7"]
[EventCountry "GBR"]

1. e3 g6 2. c4 c5 3. Nc3 Nf6 4. g3 Nc6 5. Bg2 Bg7 6. Nge2 d6 7. d3 O-O 8. a3 e5
9. Rb1 Be6 10. Nd5 Rb8 11. b4 Qd7 12. h4 h5 13. b5 Ne7 14. e4 b6 15. Bg5 Bxd5
16. cxd5 Qb7 17. Nc3 Ne8 18. g4 f6 19. Bd2 hxg4 20. Qxg4 Qc8 21. Qg3 Qd8 22. h5
g5 23. h6 Bh8 24. Bh3 Kh7 25. Be6 Nc7 26. Qg4 Nxe6 27. Qxe6 Rb7 28. Nd1 Qd7 29.
Qxd7 Rxd7 30. Ne3 f5 31. exf5 Nxf5 32. Ng4 Nd4 33. Kf1 Nf5 34. Kg2 Ne7 35. Bxg5
Nxd5 36. f3 Rdf7 37. Rbf1 Nf4+ 38. Bxf4 Rxf4 39. Rh3 Ra4 0-1

[Event "GBR-ch105 Seniors 65"]
[Site "Hull"]
[Date "2018.08.04"]
[Round "7.23"]
[White "Ramage, Colin R"]
[Black "Procter, Colin S"]
[Result "1/2-1/2"]
[WhiteElo "1802"]
[BlackElo "1780"]
[PlyCount "61"]
[EventDate "2018.07.29"]
[EventType "swiss"]
[EventRounds "7"]
[EventCountry "GBR"]

1. e4 g6 2. d4 Bg7 3. Bc4 d6 4. Nf3 Nf6 5. O-O O-O 6. Nc3 Nxe4 7. Nxe4 d5 8.
Bd3 dxe4 9. Bxe4 c6 10. c3 Nd7 11. Re1 Nf6 12. Bd3 Qc7 13. Bg5 b6 14. Qe2 e6
15. Ne5 Nd7 16. Nxd7 Qxd7 17. Qe3 Bb7 18. Bh6 Rac8 19. Bxg7 Kxg7 20. Rad1 Qe7
21. f4 c5 22. f5 cxd4 23. Qxd4+ Qf6 24. Qxf6+ Kxf6 25. fxe6 fxe6 26. Be4 Bxe4
27. Rxe4 Rcd8 28. Red4 Rxd4 29. Rxd4 Ke7 30. g3 Rf5 31. Kg2 1/2-1/2

[Event "GBR-ch105 Seniors 65"]
[Site "Hull"]
[Date "2018.08.04"]
[Round "7.24"]
[White "Cresswell, Mike J"]
[Black "Mitchell, Robert"]
[Result "1-0"]
[WhiteElo "1692"]
[BlackElo "1527"]
[PlyCount "71"]
[EventDate "2018.07.29"]
[EventType "swiss"]
[EventRounds "7"]
[EventCountry "GBR"]

1. e4 g6 2. d4 Bg7 3. c4 d6 4. h3 e5 5. d5 c5 6. Nf3 Ne7 7. Bd3 Qa5+ 8. Qd2
Qxd2+ 9. Bxd2 O-O 10. Nc3 a6 11. O-O f5 12. Bg5 Rf7 13. Nh2 h6 14. Bxe7 Rxe7
15. exf5 gxf5 16. Na4 e4 17. Nb6 Bxb2 18. Rab1 Be5 19. Nxa8 exd3 20. Nf3 b5 21.
Nb6 Bb7 22. cxb5 Nd7 23. bxa6 Bxa6 24. Nd2 Nxb6 25. Rxb6 Bb7 26. Nc4 Bxd5 27.
Nxd6 Bxd6 28. Rxd6 Re5 29. f4 Re3 30. Rxd5 c4 31. Rc5 Re4 32. g3 d2 33. Kf2 Rd4
34. Rd1 Kg7 35. Rc6 Kh7 36. Ke2 1-0

[Event "GBR-ch105 Seniors 65"]
[Site "Hull"]
[Date "2018.08.04"]
[Round "7.25"]
[White "Calvert, John C"]
[Black "Illingworth, John B"]
[Result "0-1"]
[WhiteElo "1494"]
[BlackElo "1631"]
[PlyCount "58"]
[EventDate "2018.07.29"]
[EventType "swiss"]
[EventRounds "7"]
[EventCountry "GBR"]

1. e4 e5 2. Nf3 Nc6 3. c3 d5 4. Qa4 Bd7 5. Bb5 dxe4 6. Qxe4 Nf6 7. Qc2 Bd6 8.
O-O O-O 9. Be2 h6 10. d3 Bf5 11. Nbd2 Re8 12. Ne4 Bf8 13. h3 Nd5 14. Re1 Bg6
15. Bd2 f5 16. Ng3 Kh7 17. Rad1 e4 18. Nh2 Qh4 19. Nh1 Rad8 20. d4 Bd6 21. Bf1
f4 22. Qb3 Nb6 23. a3 Re7 24. Qa2 Rde8 25. Bb5 a6 26. Bxc6 bxc6 27. Bc1 Bh5 28.
Rd2 e3 29. fxe3 Qxe1+ 0-1